Reforma del procedimiento abreviado comentarios a la Ley 38/2002 y a la Ley Orgǹica 8/2002 de 24 de octubre, de enjuiciamiento rp̀ido de determinados delitos y de modificacin̤ del procedimie

Bibliographic Details
Main Author: Reig Reig, Jos ̌Vicente
Format: Unknown
Language:Spanish
Published: Madrid : Dykinson, 2002
Subjects:
Online Access:Acceso restringido

MARC

LEADER 00000ny a22000003n 4500
005 20110601124025.0
008 030310s2002 sp s 001 0 spa c
017 |a D.L. M.53210-2002 
020 |a 8497720091 
035 |a 197 
040 |a SpMaUCDE  |d vLex 
040 |a UMA.RE  |d vLex 
080 |a 343.137.2(460) 
090 |c 395  |d 395 
100 1 |a Reig Reig, Jos ̌Vicente 
245 1 0 |a Reforma del procedimiento abreviado  |h [Recurso electrn̤ico]  |b comentarios a la Ley 38/2002 y a la Ley Orgǹica 8/2002 de 24 de octubre, de enjuiciamiento rp̀ido de determinados delitos y de modificacin̤ del procedimie 
256 |a Servicio en ln̕ea 
260 |a Madrid :  |b Dykinson,  |c 2002 
300 |a 228 p. ;  |c 24 cm 
506 1 |a Contenido solo disponible en los productos indicados  |d vLex Global  |d vLex Global (Academic Edition, excluding Law Schools)  |d vLex Global (U.S. Academic Edition, Law Schools)  |d vLex Global (U.S. Academic Edition, excluding Law Schools)  |d vLex Global (Academic Edition, Law Schools) 
650 0 7 |a Procedimiento abreviado  |2 Tesauro vLex 
650 0 7 |a Procesal  |2 Tesauro vLex 
740 0 |a vLex Libros (Servicios en ln̕ea) 
856 4 0 |u http://vlex.com/source/197  |z Acceso restringido 
942 |c BOOK